Goode on payment obligations in commercial and financial transactions. (Record no. 195)
[ view plain ]
| 000 -LEADER | |
|---|---|
| fixed length control field | 00785cam a2200229 i 4500 |
| 001 - CONTROL NUMBER | |
| control field | 19397507 |
| 005 - DATE AND TIME OF LATEST TRANSACTION | |
| control field | 20241025134819.0 |
| 008 - FIXED-LENGTH DATA ELEMENTS--GENERAL INFORMATION | |
| fixed length control field | 130819s2013 enk 001 0 eng |
| 020 ## - INTERNATIONAL STANDARD BOOK NUMBER | |
| International Standard Book Number | 9780414046597 |
| Qualifying information | (hbk.) |
| 020 ## - INTERNATIONAL STANDARD BOOK NUMBER | |
| International Standard Book Number | 0414046595 |
| Qualifying information | (hbk.) |
| 050 00 - LIBRARY OF CONGRESS CALL NUMBER | |
| Classification number | KD1588 |
| Item number | .G66 2013 |
| 100 1# - MAIN ENTRY--PERSONAL NAME | |
| Personal name | Goode, Royston Miles, |
| Relator term | author. |
| 245 10 - TITLE STATEMENT | |
| Title | Goode on payment obligations in commercial and financial transactions. |
| 250 ## - EDITION STATEMENT | |
| Edition statement | Third edition / |
| Remainder of edition statement | edited by Charles Proctor and Victoria Dixon. |
| 300 ## - PHYSICAL DESCRIPTION | |
| Extent | lvii, 329 pages ; |
| Dimensions | 24 cm |
| Other physical details | Index |
| 500 ## - GENERAL NOTE | |
| General note | Includes index. |
| 650 #0 - SUBJECT ADDED ENTRY--TOPICAL TERM | |
| Topical term or geographic name entry element | Debtor and creditor |
| Geographic subdivision | Great Britain. |
| 650 #0 - SUBJECT ADDED ENTRY--TOPICAL TERM | |
| Topical term or geographic name entry element | Payment |
| Geographic subdivision | Great Britain. |
| 700 1# - ADDED ENTRY--PERSONAL NAME | |
| Personal name | Proctor, Charles |
| Titles and other words associated with a name | (Lawyer), |
| Relator term | editor. |
| 700 1# - ADDED ENTRY--PERSONAL NAME | |
| Personal name | Dixon, Victoria |
| Titles and other words associated with a name | (Writer on law), |
| Relator term | editor. |
| 942 ## - ADDED ENTRY ELEMENTS (KOHA) | |
| Source of classification or shelving scheme | Library of Congress Classification |
| Koha item type | Books |
| Suppress in OPAC | No |
| 999 ## - | |
| -- | 195 |
| -- | 195 |
| Withdrawn status | Lost status | Source of classification or shelving scheme | Damaged status | Not for loan | Home library | Current library | Shelving location | Date acquired | Total checkouts | Full call number | Barcode | Date last seen | Copy number | Price effective from | Koha item type | Collection |
|---|---|---|---|---|---|---|---|---|---|---|---|---|---|---|---|---|
| Library of Congress Classification | Law Library (Kumasi) | Law Library (Kumasi) | General stacks | 05/03/2025 | KD 1588.G66 Goo | LLK00000096 | 05/03/2025 | 2 | 05/03/2025 | Books | Non-fiction | |||||
| Library of Congress Classification | Law Library Annex (Miotso) | Law Library Annex (Miotso) | General stacks | 10/25/2024 | KD1588.G66 GOO | LLM00000134 | 10/25/2024 | 1 | 10/25/2024 | Books |